000 01581nam a2200217Ia 4500
003 Ost
005 20260507075804.0
008 260507s9999||||xx |||||||||||||| ||und||
020 _a9771006258
040 _cfsecg
041 _aara
082 _a346.07
100 _aرضوان، فايز نعيم
_eمؤلف
245 0 _aمبادئ القانون التجاري :
_bنظرية الأعمال التجارية، التاجر، الملكية التجارية /
_c فايز نعيم رضوان
260 _aالقاهرة :
_bدار النهضة العربية,
_c1997
300 _a506 صفحة؛
_bإيضاحات ؛
_c24 سم
520 _aيضم تعريف القانون التجاري، النشأة التاريخية للقانون التجاري، نظرية الأعمال التجارية، معيار التفرقة بين العمل التجاري والعمل المدني والنتائج المترتبة عن ذلك، الأعمال التجارية بطبيعتها، الاعمال التجارية بالتبعية، الأعمال التجارية المختلطة، التاجر، شروط اكتساب صفة التاجر، الإلتزمات المهنية للتجار، تعريف المحل التجاري، عناصر المحل التجاري، الطبيعة القانونيةللمحل التجاري وخصائصه، التصرف في المحل التجاري، الحماية القانونية للمحل التجاري.
653 _aالعلاقات التجارية
653 _aالقانون التجاري
942 _cكتاب
999 _c46352
_d46352